Types of Motorsports Quiz - Statistics

General Stats
  • This quiz has been taken 102 times
  • The average score is 7 of 19
Answer Stats
Hint Motorsport % Correct
Pinnacle of single-seater racing, highly technical Formula One
99%
Stock car racing, especially popular in the US Nascar
93%
American open-wheel series. Every year has the Indy 500 Indycar
90%
Premier class of motorcycle road racing MotoGP
73%
Races with modified production sports cars GT
62%
The most popular endurance series that races on asphalt World Endurance Championship
58%
Straight-line acceleration over short distances Drag Racing
33%
Racing small, four-wheeled vehicles, often a feeder for F1 Karting
32%
Controlled oversteering to maintain a slide around corners Drifting
29%
Dirt bike racing on closed off-road circuits Motorcross
25%
Short, multi-surface circuits with jumps Rallycross
23%
Timed stages on public roads, varying surfaces Rallying
21%
Races with production-based sedans Touring Cars
15%
Oval dirt track racing on bikes with no brakes Speedway
14%
Production-based superbikes on circuits Superbikes
14%
Racing up steep, uphill courses Hill Climbing
11%
Long-distance, off-road endurance events Enduro
10%
Racing modified trucks Truck Racing
10%
Timed solo runs through a temporary course marked by cones Autocross
4%
No matching quizzes found
Score Distribution
Percent of People with Each Score
Percentile by Number Answered
Your Score History
You have not taken this quiz